Normal view
MARC view
Entry Personal Name
001 - CONTROL NUMBER
- control field: 66266
003 - CONTROL NUMBER IDENTIFIER
- control field: OSt
005 - DATE AND TIME OF LATEST TRANSACTION
- control field: 20220918184647.0
008 - FIXED-LENGTH DATA ELEMENTS
- fixed length control field: 220918|| aca||aabn | a|a d
040 ## - CATALOGING SOURCE
- Original cataloging agency: OSt
- Transcribing agency: OSt
100 ## - HEADING--PERSONAL NAME
- Personal name: Rayfield J R
670 ## - SOURCE DATA FOUND
- Source citation: Work cat.: (OSt)177317: Rayfield J R, Languages of a bilingual community, 1970
